[Event "BL2-Nord 2223"]
[Site "Germany"]
[Date "2022.11.27"]
[Round "4.8"]
[White "Ewert, Hannes"]
[Black "Fernschild, Daniel"]
[Result "1-0"]
[WhiteElo "2293"]
[BlackElo "1980"]
[PlyCount "59"]
[EventDate "2022.10.22"]
[EventType "team-tourn"]
[EventRounds "10"]
[EventCountry "GER"]
[SourceTitle "EXT 2024"]
[Source "ChessBase"]
[SourceDate "2023.10.10"]
[SourceVersion "1"]
[SourceVersionDate "2023.10.10"]
[SourceQuality "1"]
[WhiteTeam "Werder Bremen II"]
[BlackTeam "Norderstedt"]
[WhiteTeamCountry "GER"]
[BlackTeamCountry "GER"]

1. d4 Nf6 2. Nf3 e6 3. c4 b6 4. g3 Bb7 5. Bg2 Be7 6. 0-0 0-0 7. Nc3 d5 8. cxd5 Nxd5 9. Re1 c5 10. e4 Nxc3 11. bxc3 cxd4 12. cxd4 Nd7 13. Bb2 Nf6 14. Qd3 h6 15. Rad1 Qd7 16. a3 Rac8 17. d5 Rfd8 18. Bh3 Qa4 19. Nd4 Bc5 20. Qb3 Qxb3 21. Nxb3 Rc7 22. Nxc5 bxc5 23. Be5 Re7 24. dxe6 Rxd1 25. Rxd1 fxe6 26. f3 Kf7 27. Rc1 Ba6 28. Bd6 Rd7 29. Bxc5 Rd3 30. Bf1 1-0

[Event "BL2-Nord 2122"]
[Site "Germany"]
[Date "2022.07.02"]
[Round "9.6"]
[White "Mueller, Fabian"]
[Black "Fernschild, Daniel"]
[Result "0-1"]
[WhiteElo "2342"]
[BlackElo "1990"]
[PlyCount "115"]
[EventDate "2022.03.05"]
[EventType "team-tourn"]
[EventRounds "10"]
[EventCountry "GER"]
[SourceTitle "EXT 2023"]
[Source "ChessBase"]
[SourceDate "2022.10.05"]
[SourceVersion "1"]
[SourceVersionDate "2022.10.05"]
[SourceQuality "1"]
[WhiteTeam "St Pauli"]
[BlackTeam "Norderstedt"]
[WhiteTeamCountry "GER"]
[BlackTeamCountry "GER"]

1. d4 e6 2. c4 Nf6 3. Nf3 b6 4. g3 Bb7 5. Bg2 d5 6. cxd5 exd5 7. Nc3 Be7 8. 0-0 0-0 9. Ne5 Nbd7 10. Qa4 Nxe5 11. dxe5 Ne8 12. Rd1 c6 13. e4 b5 14. Nxb5 cxb5 15. Qxb5 Rb8 16. exd5 Nc7 17. Qc4 Ba6 18. Qc2 Bb4 19. Be3 Ba5 20. Bc5 Bb6 21. Bxf8 Qxf8 22. Rac1 Qe8 23. Qe4 Bb7 24. Qf4 Rd8 25. d6 Ne6 26. Qb4 Qd7 27. Qg4 Bxg2 28. Kxg2 Qb5 29. Qe4 Qxb2 30. Rc2 Qa3 31. Rdc1 Qa6 32. Qc4 Qa5 33. Qe4 Qa6 34. Qd5 g6 35. h4 h5 36. Rc6 Kg7 37. R1c2 Kf8 38. R6c4 Kg7 39. a4 Kf8 40. R2c3 Kg7 41. Rf3 Rd7 42. Rb3 Qa5 43. Qxa5 Bxa5 44. Rb8 Rd8 45. Rb5 Bb6 46. a5 Bd4 47. f4 Be3 48. Rb7 Bc5 49. Re7 Be3 50. Kf3 Bg1 51. Rb7 Bc5 52. Re7 Bg1 53. Rc1 Bd4 54. Rb1 Ra8 55. Rbb7 Nd8 56. Re8 Nxb7 57. Rxa8 Nxa5 58. d7 0-1

[Event "BL2-Nord 2122"]
[Site "Germany"]
[Date "2022.03.05"]
[Round "1.8"]
[White "Moeller, Hannah Sophie"]
[Black "Fernschild, Daniel"]
[Result "1/2-1/2"]
[WhiteElo "1825"]
[BlackElo "1988"]
[PlyCount "74"]
[EventDate "2022.03.05"]
[EventType "team-tourn"]
[EventRounds "10"]
[EventCountry "GER"]
[SourceTitle "EXT 2023"]
[Source "ChessBase"]
[SourceDate "2022.10.05"]
[SourceVersion "1"]
[SourceVersionDate "2022.10.05"]
[SourceQuality "1"]
[WhiteTeam "Lingen"]
[BlackTeam "Norderstedt"]
[WhiteTeamCountry "GER"]
[BlackTeamCountry "GER"]

1. Nf3 e6 2. g3 d5 3. Bg2 Nf6 4. d4 Be7 5. 0-0 0-0 6. c4 b6 7. Nc3 Bb7 8. cxd5 Nxd5 9. Nxd5 Bxd5 10. Bf4 c5 11. dxc5 Bxc5 12. Qc2 Nd7 13. Ng5 g6 14. Bxd5 exd5 15. Rfd1 Nf6 16. Nf3 Qc8 17. Qb3 Qe6 18. Be5 Ne4 19. Bd4 Rfd8 20. Qe3 Rac8 21. Rac1 Nd6 22. Qxe6 fxe6 23. Bxc5 bxc5 24. Ng5 Re8 25. Rd3 h6 26. Nf3 c4 27. Ra3 Re7 28. Ra6 Nf7 29. Nd4 Nd8 30. Rc3 Kf7 31. Rf3+ Kg7 32. Rfa3 e5 33. Nb5 Nc6 34. Nd6 Rcc7 35. Nb5 Rb7 36. Nd6 Nb4 37. R6a5 Rbd7 1/2-1/2

[Event "GER-ch U25 op"]
[Site "Willingen"]
[Date "2009.06.02"]
[Round "4"]
[White "Wang, Julia"]
[Black "Fernschild, Daniel"]
[Result "0-1"]
[WhiteElo "1506"]
[BlackElo "1877"]
[PlyCount "71"]
[EventDate "2009.05.30"]
[EventType "swiss"]
[EventRounds "9"]
[EventCountry "GER"]
[SourceTitle "EXT 2010"]
[Source "ChessBase"]
[SourceDate "2010.11.25"]
[SourceVersion "1"]
[SourceVersionDate "2010.11.25"]
[SourceQuality "1"]

1. e4 e6 2. d4 d5 3. Nc3 Bb4 4. e5 c5 5. a3 Bxc3+ 6. bxc3 Ne7 7. Nf3 Nbc6 8. h4 Bd7 9. Rb1 Qc7 10. Bd3 h6 11. 0-0 0-0 12. h5 f5 13. exf6 Rxf6 14. Nh2 e5 15. Ng4 Bxg4 16. Qxg4 cxd4 17. cxd4 Nxd4 18. Bb2 Rf4 19. Qg3 Nec6 20. Bc1 Rf6 21. Re1 Rc8 22. Bg6 Kh8 23. Bb2 Rcf8 24. f3 Re6 25. c3 Nf5 26. Qg4 Ref6 27. f4 exf4 28. a4 Ne3 29. Qf3 Ne5 30. Qf2 Rxg6 31. hxg6 Nd3 32. Qf3 Nxe1 33. Rxe1 Qc5 34. Kh1 b6 35. Bc1 Qxc3 36. Kh2 0-1

[Event "GER-ch U16"]
[Site "Willingen"]
[Date "2007.05.29"]
[Round "5"]
[White "Fernschild, Daniel"]
[Black "Homburg, David"]
[Result "0-1"]
[WhiteElo "1719"]
[BlackElo "2075"]
[PlyCount "90"]
[EventDate "2007.05.26"]
[EventType "swiss"]
[EventRounds "9"]
[EventCountry "GER"]
[SourceTitle "CBM 118 Extra"]
[Source "ChessBase"]
[SourceDate "2007.07.04"]
[SourceVersion "1"]
[SourceVersionDate "2007.07.04"]
[SourceQuality "1"]

1. d4 Nf6 2. Nf3 c5 3. e3 b6 4. Bd3 Bb7 5. Nbd2 g6 6. 0-0 Bg7 7. c3 0-0 8. e4 cxd4 9. cxd4 d6 10. Re1 Nc6 11. a3 Rc8 12. Nb3 h6 13. d5 Nb8 14. Nbd4 Ng4 15. b4 Ne5 16. Bb2 Nxd3 17. Qxd3 Nd7 18. Qe2 Ne5 19. Nxe5 dxe5 20. Nf3 Qd6 21. Rac1 Rxc1 22. Rxc1 Rc8 23. Rxc8+ Bxc8 24. Qc4 Bb7 25. Nd2 e6 26. Nf3 exd5 27. exd5 Bxd5 28. Qe2 e4 29. Ne1 Bb7 30. h3 Bxb2 31. Qxb2 Qd1 32. Kf1 Bd5 33. Qc3 b5 34. Qe3 Bc4+ 35. Kg1 Be2 36. Qc3 Bd3 37. Kh2 Qe2 38. Kg3 h5 39. Qc1 h4+ 40. Kxh4 Qxf2+ 41. g3 Kh7 42. Qc3 Qf5 43. Qc5 g5+ 44. Kh5 Be2+ 45. g4 Qg6# 0-1

[Event "GER-ch U16"]
[Site "Willingen"]
[Date "2007.05.28"]
[Round "3"]
[White "Fernschild, Daniel"]
[Black "Wendling, Hannes"]
[Result "0-1"]
[WhiteElo "1719"]
[BlackElo "2136"]
[PlyCount "76"]
[EventDate "2007.05.26"]
[EventType "swiss"]
[EventRounds "9"]
[EventCountry "GER"]
[SourceTitle "CBM 118 Extra"]
[Source "ChessBase"]
[SourceDate "2007.07.04"]
[SourceVersion "1"]
[SourceVersionDate "2007.07.04"]
[SourceQuality "1"]

1. d4 d5 2. Nf3 Nf6 3. e3 e6 4. Bd3 c5 5. c3 Nbd7 6. Nbd2 Be7 7. 0-0 0-0 8. Re1 Qc7 9. e4 cxd4 10. cxd4 dxe4 11. Nxe4 Nxe4 12. Bxe4 Nf6 13. Bd3 b6 14. b3 Bb7 15. Bb2 Bd5 16. Ba6 Rad8 17. Rc1 Qb8 18. Ne5 Qa8 19. f3 Bd6 20. Qe2 Bb7 21. Rc2 Nd5 22. a3 Nf4 23. Qb5 Bxa6 24. Qxa6 Bxe5 25. dxe5 Nd3 26. Re3 Nc5 27. Qe2 Rd5 28. b4 Na4 29. Bc1 Rfd8 30. Rc7 b5 31. Qc2 Nb6 32. f4 Nc4 33. Rc3 Qb8 34. Rc5 Qb6 35. h3 Rxc5 36. Be3 Nxe3 37. bxc5 Nxc2 38. cxb6 Nd4 0-1

[Event "GER-ch U16"]
[Site "Willingen"]
[Date "2007.05.26"]
[Round "1"]
[White "Tkachuk, Konstantyn"]
[Black "Fernschild, Daniel"]
[Result "1/2-1/2"]
[WhiteElo "2135"]
[BlackElo "1719"]
[PlyCount "126"]
[EventDate "2007.05.26"]
[EventType "swiss"]
[EventRounds "9"]
[EventCountry "GER"]
[SourceTitle "CBM 118 Extra"]
[Source "ChessBase"]
[SourceDate "2007.07.04"]
[SourceVersion "1"]
[SourceVersionDate "2007.07.04"]
[SourceQuality "1"]

1. e4 e6 2. d4 d5 3. exd5 exd5 4. Nf3 Bd6 5. c4 c6 6. Nc3 Ne7 7. b3 Bf5 8. Bd3 0-0 9. 0-0 Bxd3 10. Qxd3 Nd7 11. Re1 Re8 12. Bg5 f6 13. Bd2 Bc7 14. Re2 Nf8 15. Rae1 Qd7 16. g3 Nfg6 17. Re6 Kf7 18. Qe2 Nf8 19. Re3 Nfg6 20. h4 h5 21. Bc1 Bd6 22. Re6 Nf8 23. Re3 Nfg6 24. a3 Rh8 25. Qa2 Nf5 26. R3e2 Nfxh4 27. Re3 Nxf3+ 28. Rxf3 Qg4 29. Qe2 Rae8 30. Re3 Qxe2 31. R1xe2 Rxe3 32. Rxe3 dxc4 33. bxc4 h4 34. Ne4 Be7 35. Rb3 b6 36. Kg2 hxg3 37. fxg3 Rd8 38. Be3 Nf8 39. Kf3 Ne6 40. Rd3 Nc5 41. Nxc5 Bxc5 42. Ke2 Bd6 43. Kf3 Rh8 44. c5 Bc7 45. cxb6 Bxb6 46. Rc3 Rc8 47. d5 Bxe3 48. Kxe3 Re8+ 49. Kd4 cxd5 50. Kxd5 Re5+ 51. Kd4 Kg6 52. Rc7 Ra5 53. Rc3 Ra6 54. Ke4 f5+ 55. Kf4 Ra4+ 56. Kf3 Kg5 57. Rb3 g6 58. Rc3 Kh5 59. Rb3 g5 60. Rc3 g4+ 61. Ke3 Kg5 62. Kf2 Ra5 63. Rb3 Ra4 1/2-1/2

[Event "GER-ch U14"]
[Site "Willingen"]
[Date "2005.05.21"]
[Round "9"]
[White "Jacobi, Robin"]
[Black "Fernschild, Daniel"]
[Result "1-0"]
[WhiteElo "1622"]
[BlackElo "1581"]
[PlyCount "63"]
[EventDate "2005.05.14"]
[EventType "swiss"]
[EventRounds "9"]
[EventCountry "GER"]
[SourceTitle "CBM 106 Extra"]
[Source "ChessBase"]
[SourceDate "2005.07.01"]
[SourceVersion "1"]
[SourceVersionDate "2005.07.01"]
[SourceQuality "1"]

1. c4 e6 2. Nc3 d5 3. cxd5 exd5 4. d4 c6 5. Bf4 Bd6 6. Bxd6 Qxd6 7. e3 Ne7 8. Nf3 Bg4 9. Be2 Nd7 10. 0-0 0-0 11. Ne1 Bxe2 12. Qxe2 Rfe8 13. Nd3 Ng6 14. Qc2 Rac8 15. Na4 b6 16. Rac1 Rc7 17. b4 Rec8 18. Qb3 Nf6 19. h3 Ne4 20. Rc2 f5 21. Rfc1 f4 22. f3 Ng3 23. exf4 Nxf4 24. Nxf4 Qxf4 25. Qd3 Re8 26. Nc3 Rce7 27. Qd2 Re3 28. b5 Qd6 29. bxc6 Qxc6 30. Ne4 Qxc2 31. Rxc2 Re2 32. Nxg3 1-0

[Event "GER-ch U14"]
[Site "Willingen"]
[Date "2005.05.15"]
[Round "2"]
[White "Fernschild, Daniel"]
[Black "Schaetz, Christopher"]
[Result "0-1"]
[WhiteElo "1581"]
[BlackElo "1749"]
[PlyCount "94"]
[EventDate "2005.05.14"]
[EventType "swiss"]
[EventRounds "9"]
[EventCountry "GER"]
[SourceTitle "CBM 106 Extra"]
[Source "ChessBase"]
[SourceDate "2005.07.01"]
[SourceVersion "1"]
[SourceVersionDate "2005.07.01"]
[SourceQuality "1"]

1. e4 c5 2. Nc3 Nc6 3. d3 d6 4. Be2 g6 5. Nf3 Bg7 6. 0-0 Nf6 7. Be3 0-0 8. Re1 Ng4 9. h3 Nxe3 10. fxe3 Qb6 11. Rb1 Be6 12. a3 Bh6 13. Bf1 f5 14. Nd5 Bxd5 15. exd5 Ne5 16. Nxe5 dxe5 17. c4 Rf7 18. Kh1 a5 19. b3 Raf8 20. Qf3 f4 21. e4 g5 22. Be2 Rg7 23. Qg4 Rg6 24. Qd7 Qf6 25. Bg4 f3 26. Qe6+ Qxe6 27. Bxe6+ Kh8 28. g4 f2 29. Rf1 Rf3 30. Rbd1 Rxh3+ 31. Kg2 Rh4 32. Kg3 Bg7 33. Rxf2 Rgh6 34. Rdf1 Rh3+ 35. Kg2 Bf6 36. Rd1 Rh2+ 37. Kf1 Rxf2+ 38. Kxf2 Rh2+ 39. Ke3 Rb2 40. Rf1 Rxb3 41. Rxf6 exf6 42. d6 Rb6 43. d7 Rd6 44. d4 exd4+ 45. Kd3 Kg7 46. e5 fxe5 47. Ke4 Kf6 0-1

[Event "GER-ch U14"]
[Site "Willingen"]
[Date "2005.05.15"]
[Round "1"]
[White "Nuber, Blasius"]
[Black "Fernschild, Daniel"]
[Result "1-0"]
[WhiteElo "1996"]
[BlackElo "1581"]
[PlyCount "79"]
[EventDate "2005.05.14"]
[EventType "swiss"]
[EventRounds "9"]
[EventCountry "GER"]
[SourceTitle "CBM 106 Extra"]
[Source "ChessBase"]
[SourceDate "2005.07.01"]
[SourceVersion "1"]
[SourceVersionDate "2005.07.01"]
[SourceQuality "1"]

1. e4 e6 2. d4 d5 3. e5 c5 4. c3 Nc6 5. Nf3 Qb6 6. a3 Be7 7. b4 cxd4 8. cxd4 Bd7 9. Nc3 f6 10. Bb2 a6 11. Rc1 Nh6 12. Bd3 0-0 13. 0-0 Kh8 14. Na4 Qd8 15. exf6 Bxf6 16. Nc5 Bc8 17. Re1 Re8 18. Qc2 Qd6 19. Ne5 Ne7 20. Bxh7 Bxe5 21. dxe5 Qc6 22. Bg6 Rf8 23. Qd3 Nxg6 24. Qxg6 Qe8 25. Qxe8 Rxe8 26. f4 Rb8 27. h3 b6 28. Nb3 Nf5 29. g4 Nh4 30. Kf2 Rf8 31. Kg3 Ng6 32. Rf1 a5 33. b5 Bb7 34. Nd4 Rfe8 35. a4 Nf8 36. Rc7 Rec8 37. Rfc1 Kg8 38. Rxb7 Rxc1 39. Rxb8 Rd1 40. Nxe6 1-0

[Event "Saarland-ch B"]
[Site "Saarlouis Steinrausch"]
[Date "2005.03.23"]
[Round "6"]
[White "Ley, Stefan"]
[Black "Fernschild, Daniel"]
[Result "1/2-1/2"]
[WhiteElo "1569"]
[BlackElo "1361"]
[PlyCount "36"]
[EventDate "2005.03.18"]
[EventType "swiss"]
[EventRounds "9"]
[EventCountry "GER"]
[SourceTitle "EXT 2012"]
[Source "ChessBase"]
[SourceDate "2011.11.24"]
[SourceVersion "1"]
[SourceVersionDate "2011.11.24"]
[SourceQuality "1"]

1. e4 e6 2. d4 d5 3. Nc3 Nf6 4. e5 Nfd7 5. f4 c5 6. Nf3 Nc6 7. Be3 Qb6 8. Rb1 Be7 9. Be2 0-0 10. 0-0 a6 11. Qd2 Qa7 12. g4 f5 13. g5 b5 14. h4 cxd4 15. Nxd4 Nxd4 16. Bxd4 Qxd4+ 17. Qxd4 Bc5 18. Qxc5 Nxc5 1/2-1/2

[Event "GER-chT Lands U20"]
[Site "Bad Sulza"]
[Date "2004.11.19"]
[Round "7.6"]
[White "Fernschild, Daniel"]
[Black "Rohlfs, Ricarda"]
[Result "0-1"]
[WhiteElo "1313"]
[BlackElo "1675"]
[PlyCount "60"]
[EventDate "2004.11.15"]
[EventType "team-swiss"]
[EventRounds "7"]
[EventCountry "GER"]
[SourceTitle "EXT 2006"]
[Source "ChessBase"]
[SourceDate "2005.11.24"]
[SourceVersion "1"]
[SourceVersionDate "2005.11.24"]
[SourceQuality "1"]

1. e4 c5 2. Nf3 Nc6 3. d3 e6 4. Be2 d5 5. exd5 exd5 6. 0-0 Nf6 7. Bg5 Be7 8. Nbd2 0-0 9. Re1 b6 10. c3 Bb7 11. d4 Nd7 12. Bxe7 Nxe7 13. Qc2 Rc8 14. Qa4 Bc6 15. Qa6 Nf5 16. Bd3 Nd6 17. Ne5 Nxe5 18. Rxe5 c4 19. Bc2 Rc7 20. Rae1 Qd7 21. b3 Nb5 22. bxc4 dxc4 23. Bf5 Qd8 24. R1e3 Nd6 25. Nxc4 Bb7 26. Qa4 b5 27. Qc2 Nxf5 28. Qxf5 bxc4 29. Rh3 h6 30. f4 Bc8 0-1

[Event "GER-chT Lands U20"]
[Site "Bad Sulza"]
[Date "2004.11.18"]
[Round "5.6"]
[White "Fernschild, Daniel"]
[Black "Falke, Cynthia"]
[Result "1-0"]
[WhiteElo "1313"]
[BlackElo "1371"]
[PlyCount "67"]
[EventDate "2004.11.15"]
[EventType "team-swiss"]
[EventRounds "7"]
[EventCountry "GER"]
[SourceTitle "EXT 2006"]
[Source "ChessBase"]
[SourceDate "2005.11.24"]
[SourceVersion "1"]
[SourceVersionDate "2005.11.24"]
[SourceQuality "1"]

1. e4 e5 2. Nf3 Nc6 3. Bc4 Bc5 4. 0-0 d6 5. d3 Bg4 6. h3 Bh5 7. Be3 Nd4 8. Bxd4 Bxd4 9. c3 Bb6 10. Nbd2 Ne7 11. Qb3 Qd7 12. a4 c6 13. Rfb1 0-0 14. a5 Bxf2+ 15. Kxf2 b5 16. axb6 axb6 17. Qxb6 Rab8 18. Qa7 Qd8 19. Qe3 Kh8 20. Qg5 Bg6 21. Kg1 Qd7 22. b4 f5 23. Nh4 Rf6 24. exf5 Nxf5 25. Ne4 Rff8 26. Nxg6+ hxg6 27. Qxg6 Qe8 28. Qxe8 Rfxe8 29. Bf7 Rf8 30. Be6 Ne7 31. Nxd6 Rfd8 32. Nf7+ Kh7 33. Nxd8 Rxd8 34. Ra7 1-0

[Event "GER-chT Lands U20"]
[Site "Bad Sulza"]
[Date "2004.11.17"]
[Round "4.6"]
[White "Hartmann, Nicolas"]
[Black "Fernschild, Daniel"]
[Result "0-1"]
[WhiteElo "1526"]
[BlackElo "1313"]
[PlyCount "138"]
[EventDate "2004.11.15"]
[EventType "team-swiss"]
[EventRounds "7"]
[EventCountry "GER"]
[SourceTitle "EXT 2006"]
[Source "ChessBase"]
[SourceDate "2005.11.24"]
[SourceVersion "1"]
[SourceVersionDate "2005.11.24"]
[SourceQuality "1"]

1. e4 e6 2. d4 d5 3. exd5 exd5 4. Bd3 Bd6 5. Nc3 Ne7 6. Nge2 Nbc6 7. 0-0 0-0 8. a3 Be6 9. Nb5 Re8 10. Nxd6 Qxd6 11. Bf4 Qd7 12. Re1 Bf5 13. Bb5 Ng6 14. Bg3 a6 15. Ba4 Re6 16. Qd2 Rae8 17. Kf1 Qe7 18. Bb3 Qd7 19. Rad1 Nce7 20. Qb4 c6 21. h3 h6 22. Qd2 Nc8 23. Bh2 Nh4 24. Qf4 Qe7 25. Rd2 Bh7 26. Bg3 Ng6 27. Qg4 Re4 28. Qf3 Nh4 29. Qc3 Nd6 30. Qb4 Ndf5 31. Qxe7 R8xe7 32. Bh2 R7e6 33. c3 Rg6 34. Bc2 Re7 35. g4 Nf3 36. Rdd1 N5h4 37. Bxg6 Nxh2+ 38. Kg1 N4f3+ 39. Kg2 Nxe1+ 40. Rxe1 Bxg6 41. Kxh2 Bd3 42. Kg2 Rxe2 43. Rxe2 Bxe2 44. f4 Bd3 45. Kg3 g6 46. h4 Kg7 47. g5 h5 48. Kf3 Kf8 49. Ke3 Be4 50. Kd2 Ke7 51. Ke3 b5 52. Ke2 Ke6 53. Kf2 Kf5 54. Kg3 Bc2 55. Kf3 Bd1+ 56. Ke3 Bg4 57. Kf2 Kxf4 58. Kg2 Kf5 59. Kf2 f6 60. gxf6 Kxf6 61. Kg3 g5 62. hxg5+ Kxg5 63. Kf2 h4 64. Kg2 h3+ 65. Kg3 Kf5 66. Kf2 Kf4 67. Kf1 Kg3 68. Ke1 h2 69. Kd2 h1Q 0-1